000 02099aam a2200325 a 4500
001 000003207
003 DO-SdBPM
005 20250730140239.0
007 ta
008 040620s2002 dr b 001 0dspa d
020 _a9993487155
040 _aDO-SdBPM
_bspa
_cBPMSU
_drda
082 4 _a344.074
_bF224e 2002
_222
100 _aFarías Campos, Félix,
_d1959-
_eautor
245 1 0 _aEvolución, orientaciones y tendencias de la legislación de la educación superior dominicana /
_cFélix Farías
264 _aSanto Domimgo :
_bEdiciones Unicaribe,
_c2002
300 _a202 páginas ;
_c22 cm.
336 _atexto
_btxt
_2rdacontent
337 _asin mediación
_bn
_2rdamedia
338 _avolumen
_bnc
_2rdacarrier
500 _aIncluye índice.
504 _aBibliografía: p. 63-66.
505 0 _aOrigen del sistema de educación superior dominicano, 1518-1961 11|Incursión del sector privado en la educación superior dominicana, 1962-1982 21|Regulación de la educación superior dominicana, 1983-2000|Reforma del sistema de educación superior dominicano 2001- 57|Decreto 914 que convierte el Instituto Profesional en Universidad de Santo Domingo 69|Ley 1398 de organización universitaria 71|Ley 111 sobre Exequátur 73|Ley 5778 sobre la autonomía de la UASD 77|Ley 6150 que crea la PUCMM 81|Ley 292 que ordena la supresión del fuero en la UASD 82|Ley 273 que regula la educación superior privada 83|Ley 236 que modifica la 273 sobre educación superior privada 88|Decreto 449 que crea Comisión CONIES 90|Ley 14 declara inejecutable bienes universidades estatales 92|Decreto 861 crea Comisión CONES 94|Decreto 1255 crea Consejo CONES 96|Decreto 259-96 modifica el 1255 del CONES 109|Decreto 517-96 modifica el 259-96 135|Ley 139-01 crea la Secretaría de Educación Superior, Ciencia y Tecnología 154
590 _aInventariado,2025/VM
650 7 _aEducación superior
_xLegislación
_zRepública Dominicana
_2
700 1 _aReyes, Roberto
_ecorrector de estilo
710 2 _aUniversidad del Caribe
910 _a VMateo V. Control de calidad. BPMSU
942 _2ddc
_cBK
999 _c15296
_d15296